| 000 | 01343nam a2200349 i 4500 | ||
|---|---|---|---|
| 001 | 000046625 | ||
| 003 | DO-SdBNP | ||
| 005 | 20260128071420.0 | ||
| 007 | ta | ||
| 008 | 110331s2016 dr 000 0 spa d | ||
| 020 | _a9789945900132 | ||
| 040 |
_aDO-SdBNP _bspa _cBNPHU _erda |
||
| 041 | _aspa | ||
| 082 | 4 |
_axxx _bxxx _222 |
|
| 100 | 1 |
_aRosario Candelier, Bruno, _d1941- _eautor _4aut. _9851 |
|
| 245 | 1 | 0 |
_aDiccionario fraseológico del español dominicano / _cBruno Rosario Candelier, Irene Pérez Guerra, Roberto Guzmán ; colaboradores, Teresa Ayala...[et al.]. |
| 264 | 4 |
_asanto Domingo : _bAcademia Dominicana de la Lengua, _c©2016. |
|
| 300 |
_a40, 586 páginas ; _c24 cm. |
||
| 336 |
_atexto _btxt _2rdacontent |
||
| 337 |
_asin mediación _bn _2rdamedia |
||
| 338 |
_avolumen _bnc _2rdacarrier |
||
| 500 | _aIncluye datos biográficos de los autores en la solapa de la cubierta | ||
| 504 | _aBibliografía : páginas 539-584 | ||
| 590 | _aInventariado, 2026/BT | ||
| 700 | 1 |
_aPérez Guerra, Irene, _eautor _4aut. _919025 |
|
| 700 | 1 |
_aGuzmán, Roberto, _eautor _4aut. _925686 |
|
| 700 | 1 |
_aAyala, Teresa, _ecolaborador _4col. _974621 |
|
| 700 | 1 |
_aReyes, Lourdes, _ecolaborador _4col. _988910 |
|
| 700 | 1 |
_aGuzmán, Mariela, _ecolaborador _4col. _988911 |
|
| 700 | 1 |
_aVargas, Mikenia, _ecolaborador _4col. _988912 |
|
| 942 |
_2ddc _cLBS1 |
||
| 999 |
_c46114 _d46114 |
||